| 000 | 01749nam a2200553 i 4500 | ||
|---|---|---|---|
| 001 | 25099 | ||
| 003 | KOSZ 005 | ||
| 005 | 20200506131248.0 | ||
| 008 | 980702s1997 pl f |000 0 pol | ||
| 015 | _aUWD 1996/3801 | ||
| 020 | _a8370176259 | ||
| 035 | _a991003970449705066 | ||
| 035 | _a(PL-WaBN)b11056691-48omnis_nlop | ||
| 035 | _ab11056691 | ||
| 035 | _a(OCoLC)751294113 | ||
| 035 | _a(PL)b0000001105669 | ||
| 035 | _a(EXLNZ-48OMNIS_NETWORK)9910301727905606 | ||
| 040 |
_aWA N _cWA N _dKOSZ 005/EG |
||
| 041 | _apol | ||
| 080 | _a336.1 | ||
| 080 | _a351/354 | ||
| 080 | _a342.9 | ||
| 080 | _a(438+489) | ||
| 080 | _a(075.8) | ||
| 100 | 1 |
_aDrwiłło, Andrzej _d(1940- ) _eAutor |
|
| 245 | 1 | 0 |
_aFinanse gmin / _cAndrzej Drwiłło, Jolanta Gliniecka. |
| 260 |
_aGdańsk : _bWydaw. Uniwersytetu Gdańskiego, _c1997. |
||
| 300 |
_a218, [1] s. ; _c24 cm. |
||
| 336 |
_aTekst _btxt _2rdacontent |
||
| 337 |
_aBez urządzenia pośredniczącego _bn _2rdamedia |
||
| 338 |
_aWolumin _bnc _2rdacarrier |
||
| 380 | _aKsiążki | ||
| 380 | _aPublikacje dydaktyczne | ||
| 385 |
_mPoziom nauczania _aSzkoły wyższe |
||
| 388 | _a1901-2000 | ||
| 388 | _a1989-2000 | ||
| 504 | _aBibliogr. s. 212-[219]. | ||
| 650 | 7 |
_aBudżety terenowe _2DBN |
|
| 650 | 7 | _aPrawo | |
| 651 | _aDania | ||
| 651 | _aPolska | ||
| 655 | 7 |
_aPodręczniki akademickie _2DBN |
|
| 658 | _aGospodarka, ekonomia, finanse | ||
| 700 | 1 |
_aGliniecka, Jolanta _d(1951- ) _eAutor |
|
| 710 | 2 |
_aWydawnictwo Uniwersytetu Gdańskiego _4pbl |
|
| 856 |
_uhttp://koha.tu.koszalin.pl/cgi-bin/koha/opac-detail.pl?biblionumber=25099 _yKatalog online BPK |
||
| 942 |
_2UKD _cKS |
||
| 999 |
_c25099 _d25099 |
||